Guess the Taylor Swift Song (no hints) 117 - Statistics

General Stats
  • This quiz has been taken 81 times
  • The average score is 261 of 314
Answer Stats
Answer % Correct
I
100%
I?
100%
a
97%
of
97%
the
97%
and
95%
And
95%
be
95%
for
95%
If
95%
if
95%
it
95%
where
95%
you
95%
you,
95%
You
95%
do
92%
in
92%
love
92%
me
92%
me,
92%
my
92%
so
92%
then
92%
was
92%
all
90%
But
90%
by
90%
I'm
90%
it's
90%
too
90%
us
90%
what
90%
your
90%
could
87%
don't
87%
know
87%
like
87%
now
87%
Now
87%
that
87%
You're
87%
got
85%
head
85%
just
85%
they
85%
this
85%
time
85%
were
85%
with
85%
tell
82%
Tell
82%
up
82%
I've
79%
should
79%
sit
79%
tolerate
79%
watch
79%
everything
77%
eyes
77%
life
77%
made
77%
or
77%
out
77%
over
77%
Use
77%
would
77%
wrong
77%
Always
74%
best
74%
somehow
74%
door
72%
kid
72%
older
72%
story
72%
table
72%
temple,
72%
wait
72%
celebrated
69%
colors
69%
fancy
69%
footnotes
69%
good
69%
Lay
69%
leave
69%
low
69%
much
69%
portrait
69%
sky
69%
space
69%
taking
69%
Took
69%
wiser
69%
begging
67%
closed
67%
fun
67%
mural,
67%
notice
67%
shit
67%
take
67%
barbed
64%
fine
64%
gleam
64%
listen,
64%
lose
64%
reading
64%
removed
64%
wire?
64%
assume
62%
dagger
62%
glisten
62%
greet
62%
hero's
62%
man
62%
plates
62%
polish
62%
ruins
62%
Where's
62%
While
62%
battle
59%
Believe
59%
blankets
59%
until
59%
weight
59%
welcome
59%
who'd
59%
Break
56%
breathing
56%
byline
56%
free
56%
Gain
56%
throw
56%
Drawing
54%
other
54%
building
51%
hearts
51%
worlds,
51%
indiscretions
49%
wake
46%
No matching quizzes found
Score Distribution
Percent of People with Each Score
Percentile by Number Answered
Your Score History
You have not taken this quiz